LEADER 01075nam0-22003611i-450- 001 990003278790403321 005 20151203111504.0 035 $a000327879 035 $aFED01000327879 035 $a(Aleph)000327879FED01 035 $a000327879 100 $a20030910d1963----km-y0itay50------ba 101 0 $aeng 102 $aGB 105 $aa-------001yy 200 1 $aAnglo-America$ea regional geography of The United states and Canada$aPaul F. Griffin, Robert N. Young, Ronald L. Chatham 210 $aLondon$cMethuen$d1963 215 $aXXXI, 552 p.$cill.$d27 cm 610 0 $aStati Uniti 610 0 $aCanada 676 $a207.000 700 1$aGriffin,$bPaul Francis$f<1920- >$0271400 801 0$aIT$bUNINA$gRICA$2UNIMARC 901 $aBK 912 $a990003278790403321 952 $a207.000.GRI$b273$fDECGE 952 $aGM1 AJ II 10$b60435$fGM1 952 $aK-08-030$bIst. 7712$fILFGE 959 $aDECGE 959 $aGM1 996 $aPaul F. Griffin, Robert N. Young, Ronald L. Chatham$9451224 996 $aAnglo-America$9451223 997 $aUNINA LEADER 01136nam--2200373---450- 001 990005960080203316 005 20140903090301.0 010 $a978-88-317-1986-5 035 $a000596008 035 $aUSA01000596008 035 $a(ALEPH)000596008USA01 035 $a000596008 100 $a20140903d2014----km-y0itay50------ba 101 0 $aita 102 $aIT 105 $a||||||||001yy 200 1 $a<> mouse e la matita$el'animazione italiana contemporanea$fa cura di Bruno Di Marino e Giovanni Spagnoletti 210 $aVenezia$cMarsilio$d2014 215 $a220 p.$d22 cm 225 2 $aSaggi Marsilio$iNuovocinema$v76 410 0$12001$aSaggi Marsilio$iNuovocinema$v76 606 0 $aFilm d'animazione 676 $a791.4334 702 1$aDI MARINO,$bBruno 702 1$aSPAGNOLETTI,$bGiovanni$f<1949- > 801 0$aIT$bsalbc$gISBD 912 $a990005960080203316 951 $aXIII.2. 2742$b10164 L.G.$cXIII.2.$d356816 959 $aBK 969 $aUMA 979 $aPASSARO$b90$c20140903$lUSA01$h0900 979 $aPASSARO$b90$c20140903$lUSA01$h0903 996 $aMouse e la matita$91071203 997 $aUNISA